000 01173nam a2200325 i 4500
003 EG-GICUC
005 20260427084026.0
008 260427s1930 fr |||fr|||| 00| 0 fre d
040 _aEG-GiCUC
_bfre
_cEG-GiCUC
_dEG-GiCUC
_eRda
041 0 _afre
082 0 4 _221
_a343.1
_bGA . C
092 0 4 _221
099 _aLaw1 10 343.1 GA . C 1930
100 1 _aGarcon, E.
_eAuteur
245 0 0 _aCode Pénal :
_bCodes Annotés Contenant Bous Chaque Artole Vanalter De La Doutrine Et De La Jurisprudence.
_nTome II,
_pArt. 406 à 463 /
_cE. Garcon.
264 1 _aParis :
_bDe La Société Du Recueil, Général Des Lois Et Arrêts,
_c1930.
300 _a400 page ;
_c 24 cm.
336 _2rda contenu
_a texte
337 _2rda medias
_aOrdinateur
338 _2 transporteur rda
_a Ressource en ligne
500 _aRegueil Général Des Lois Et Des Arrets Et Journal Du Palais
546 _aTexte en français
650 1 4 _aDroit Pénal Général
650 1 4 _aDroit De Pénal
700 1 _aGarçon, Maurice
_eAnnotateur
700 1 _aGarcon, E
_eAnnotateur
856 4 0 _uhttps://fll.law.cu.edu.eg/fulltext/bks/B10-11970.pdf
905 _a30
942 _2ddc
_cBK
_e21
_n0
999 _c73545
_d73545